000 01438cam a2200169 4500500
005 20260111131432.0
041 _afre
042 _adc
100 1 0 _aMladenović, Velimir
_eauthor
245 0 0 _aQuand la politique s’en mêle. Les reportages d’Elsa Triolet sur la Yougoslavie
260 _c2025.
500 _a64
520 _aCette chronique propose une recension des publications sur le bois dans l’Antiquité assortie d’une présentation des découvertes archéologiques autour de ce matériau. Tous les usages du bois dans les sociétés anciennes sont pris en compte, avec une attention particulière portée à ses emplois structurels et architecturaux. L’aire couverte concerne l’ensemble du bassin méditerranéen, le Proche et le Moyen-Orient, l’Europe continentale et les îles Britanniques.
520 _aThis chronicle offers a review of publications on wood in antiquity, together with a presentation of archaeological discoveries concerning this material. All uses of wood in ancient societies are considered, with particular attention paid to its structural and architectural uses. The area covered includes the entire Mediterranean basin, the Near and Middle East, continental Europe and the British Isles.
786 0 _nÉtudes Balkaniques | 28 | 1 | 2025-12-18 | p. 19-40 | 1260-2116
856 4 1 _uhttps://shs.cairn.info/revue-etudes-balkaniques-2025-1-page-19?lang=fr&redirect-ssocas=7080
999 _c1634592
_d1634592